Legal translation and court interpreting: ethical values, quality, competence training
Gespeichert in:
| Hauptverfasser: | , , , , , |
|---|---|
| Format: | Buch |
| Sprache: | Englisch Deutsch |
| Veröffentlicht: |
Berlín, Germany.
Frank and Timme,
2018
|
| Ausgabe: | 1a. ed |
| Schriftenreihe: | Forum für Fachsprachen-Forschung, 140
|
| Schlagworte: | |
| Tags: |
Tag hinzufügen
Keine Tags, Fügen Sie den ersten Tag hinzu!
|
MARC
| LEADER | 00000cam a2200000 a 4500 | ||
|---|---|---|---|
| 001 | UCC9265 | ||
| 003 | CL-VaPUC | ||
| 005 | 20210922130003.0 | ||
| 008 | 190914e20180000gw |||||||||||||||||eng|d | ||
| 999 | |c 375458 |d 375456 | ||
| 020 | |a 9783732902958 | ||
| 040 | |c Pontificia Universidad Católica de Valparaíso | ||
| 041 | 0 | 7 | |a eng |2 CL-VaPUC |
| 041 | 0 | 7 | |a ger |2 CL-VaPUC |
| 082 | 0 | 4 | |a 418.02 LII 2018 |2 21 |
| 100 | |a Liimatainen, Annikki |e autora |9 604237 | ||
| 245 | 1 | 0 | |a Legal translation and court interpreting: ethical values, quality, competence training |
| 250 | |a 1a. ed | ||
| 260 | |a Berlín, Germany. |b Frank and Timme, |c 2018 | ||
| 300 | |a 389 páginas | ||
| 490 | 0 | |a Forum für Fachsprachen-Forschung, 140 | |
| 583 | |a last modification |c 20190914 23:07:00 |k Rodrigo Vera | ||
| 650 | 0 | |a Traducción e interpretación |9 315998 | |
| 700 | 0 | |a Nurmi, Arja |e author |9 604238 | |
| 700 | 0 | |a Kivilehto, Marja |e author |9 604239 | |
| 700 | 0 | |a Salmi, Leena |e author |9 604240 | |
| 700 | 0 | |a Viljanmaa, Anu |e author |9 604241 | |
| 700 | 0 | |a Wallace, Melissa |e author |9 604242 | |
| 942 | |c BK |2 ddc | ||
| 945 | |d 20190914 23:07:00 |a dcastane | ||
| 952 | |0 0 |1 0 |2 ddc |3 erb |4 0 |6 418_020000000000000_LII_2018 |7 0 |8 A |9 494440 |a BIBEDU |b BIBEDU |i 5560993 |o 418.02 LII 2018 |p 5560993 |r 2019-11-24 |w 2019-11-24 |y BK |z Catalogado en:20190914 |k CIT | ||